Statistics for Translate These Countries From Icelandic To English #2

Click here to take the quiz!

General Stats

  • This quiz has been taken 1,106 times
  • The average score is 16 of 20

Answer Stats

HintAnswer% Correct
NoregurNorway
97%
LitháenLithuania
96%
SimbabveZimbabwe
95%
TyrklandTurkey
94%
ParagvæParaguay
93%
SambiaZambia
92%
TadsjikistanTajikistan
91%
IndlandIndia
90%
Sameinuðu Arabísku FurstadæminUnited Arab Emirates
85%
SýrlandSyria
83%
Borgríkið VatíkaniðVatican City
82%
TsjadChad
79%
PaláPalau
74%
KómoreyjarComoros
72%
SíleChile
71%
Austur-KongóDemocratic Republic of the Congo
63%
SvíþjóðSweden
62%
UngverjalandHungary
58%
FídjieyjarFiji
56%
SvartfjallalandMontenegro
27%

Score Distribution

Percentile by Number Answered

Percent of People with Each Score

Your Score History

You have not taken this quiz